• 首页
  • 本馆介绍
  • 公告通知
  • 最新文献
  • 馆藏检索
  • 电子资源
  • 读者导购
  • 参考咨询
  • 我的图书馆
  • 登录
  • 详细信息显示
  • 放入我的书架
  • 预约/预借图书
  • 作者相关作品
  • 分类相关作品
  • 丛书相关作品
  • 出版社相关作品

书目信息

  • 表格格式
  • 工作单格式
  • 卡片格式
题名:
节气藏四季 亲子共作文
    
 
作者: 周红 主编
分册:  
出版信息: 成都   四川大学出版社  2020.4
页数: 448页
开本: 24cm
丛书名:
单 册:
中图分类: G624.24
科图分类:
主题词: 作文课--小学--教学参考资料
电子资源:
ISBN: 978-7-5690-1174-6
000 01445nam0 2200265 45
001 482541
005 20140818114408.0
010    @a978-7-5690-1174-6@dCNY68.00
099    @aCAL 012018121883
100    @a20180930d2017 em y0chiy0110 ea
101 0  @achi
102    @aCN@b510000
105    @aa a 000yy
106    @ar
200 1  @a节气藏四季 亲子共作文@AJie Qi Zang Si Ji Qing Zi Gong Zuo Wen@f主编周红
210    @a成都@c四川大学出版社@d2020.4
215    @a448页@c图@d24cm
314    @a周红,中学高级语文教师、青羊区语文特级教师、青羊区语文名师、全国作文优秀指导教师、成都市骨干语文教师培训指导专家、台湾中华多元智慧学会大陆顾问、台湾《联合早报》特聘作文编纂审稿专家……,一生寡为一件事——教书,庆幸是自己顶喜欢的事。从教50多年,在数届学生间点燃了生命的激情、激活了智慧的光芒,垒实了成长的足迹——在学生的陪伴下迅速成长。
320    @a有书目 (第448页)
330    @a本书以传统的二十四节气为经络,梳理出二十四个典型节气的主题活动,每个主题节气上,横贯八条主线,以期达到回归的文化意识。将家长在家庭作文中遇到的问题归纳为一个个小问题,进行解答,期间贯穿作文能力辅导。巧妙的体现为:十二个基本能力和十二个提高能力,尽可能的帮助家庭初步辅导孩子的作文、提升语言水平,滋润语文的核心素养。用故事、小学生的作品引路、用名家经典名篇导向、浸润、提高家长与孩子的互动性。
606 0  @a作文课@x小学@j教学参考资料
690    @aG624.24@v5
701  0 @a周红@AZhou Hong@4主编
801    @aCN@bAHXH@c20210922
905    @b1358286-90@dG624.24@e2461@f5
    
    节气藏四季 亲子共作文/主编周红.-成都:四川大学出版社,2020.4
    448页:图;24cm
    
    
    ISBN 978-7-5690-1174-6:CNY68.00
    本书以传统的二十四节气为经络,梳理出二十四个典型节气的主题活动,每个主题节气上,横贯八条主线,以期达到回归的文化意识。将家长在家庭作文中遇到的问题归纳为一个个小问题,进行解答,期间贯穿作文能力辅导。巧妙的体现为:十二个基本能力和十二个提高能力,尽可能的帮助家庭初步辅导孩子的作文、提升语言水平,滋润语文的核心素养。用故事、小学生的作品引路、用名家经典名篇导向、浸润、提高家长与孩子的互动性。
●
相关链接 在E读中查询图书 在五车中查询图书 在当当中查询图书 在豆瓣中查询图书


正题名:节气藏四季 亲子共作文     索取号:G624.24/2461         预约/预借

序号 登录号 条形码 馆藏地/架位号 状态 备注
1 1358286   213582862   第一样本阅览室/ [索取号:G624.24/2461] 在馆    
2 1358287   213582871   教育系资料室/ [索取号:G624.24/2461] 在馆    
3 1358288   213582880   教育系资料室/ [索取号:G624.24/2461] 在馆    
4 1358289   213582899   第四借阅区/ [索取号:G624.24/2461] 在馆    
5 1358290   213582906   第四借阅区/ [索取号:G624.24/2461] 在馆    
唐山师范学院图书馆 欢迎您!
大连网信软件有限公司© 版权所有